| 000 | 00932 a2200217 4500 | ||
|---|---|---|---|
| 001 | 60981 | ||
| 005 | 20260407155900.0 | ||
| 008 | 260407a1984 arg spa d | ||
| 003 | AR-UNSa-BCEJYS | ||
| 040 |
_aAR-UNSa-BCEJYS _bspa _cAR-UNSa-BCEJYS |
||
| 080 |
_a621.397.13 _xTelevisión |
||
| 245 | 1 | 0 | _aRégimen jurídico-administrativo de la televisión |
| 020 | _a978-84-7351-180-3 | ||
| 264 | 1 |
_aMadrid : _bInstituto Nacional de Administración Pública (INAP) _c1984 |
|
| 300 |
_a371 p. _c21 cm. |
||
| 505 | _a1. Derecho comparado – 2. Servicio público de televisión y derecho de expresión. Las bases constitucionales y el estatuto de la radio y televisión – 3. Televisión y comunidades autónomas – 4. Organización y régimen jurídico de la televisión estatal – 5. El derecho de rectificación | ||
| 041 | _aspa | ||
| 942 | _cBK | ||
| 590 | _aniveau_biblio:m niveau_hierar:0 | ||
| 100 | 1 | _aEsteve Pardo, José | |
| 999 |
_c7171 _d7171 |
||